[Event "1st 4NCL International U2050"]
[Site "Telford"]
[Date "2018.11.01"]
[Round "3"]
[White "Truman, Richard G"]
[Black "Neatherway, A Philip"]
[Result "1-0"]
[WhiteElo "1902"]
[BlackElo "1813"]
[Annotator "NA"]
[PlyCount "71"]
[EventDate "2018.10.31"]
[EventType "swiss"]
[EventCountry "GBR"]
[SourceTitle "playchess.com"]
[Source "ChessBase"]
[SourceQuality "1"]
[TimeControl "5400+30"]

1. d4 Nf6 2. c4 g6 3. Nc3 d5 4. cxd5 Nxd5 5. e4 Nxc3 6. bxc3 c5 7. Nf3 Bg7 8. Rb1 O-O 9. Be2 b6 10. O-O Bb7 11. Qd3 Nd7 12. Bg5 Rc8 13. Qe3 Qc7 14. Bd3 Rfe8 15. Rfd1 e6 16. Rbc1 a6 17. Bh6 b5 18. h4 f5 19. Bxg7 Kxg7 20. c4 b4 21. Bb1 Nf6 22. e5 Ng4 23. Qf4 cxd4 24. Rxd4 Rcd8 25. Rd6 Rxd6 26. exd6 Qc6 27. c5 a5 28. Qd2 e5 29. Bd3 h6 30. Bf1 Rd8 31. Qe2 Rxd6 32. Nxe5 Nxe5 33. cxd6 Qxd6 34. Qb5 Be4 35. Qxa5 Nd3 36. Qc7+ 1-0

[Event "1st 4NCL International U2050"]
[Site "Telford"]
[Date "2018.11.01"]
[Round "3"]
[White "Hughes, Peter"]
[Black "Chen, Daniel Xingyu"]
[Result "1/2-1/2"]
[WhiteElo "1874"]
[BlackElo "1258"]
[Annotator "NA"]
[PlyCount "30"]
[EventDate "2018.10.31"]
[EventType "swiss"]
[EventCountry "GBR"]
[SourceTitle "playchess.com"]
[Source "ChessBase"]
[SourceQuality "1"]
[TimeControl "5400+30"]

1. d4 Nf6 2. c4 e5 3. dxe5 Ng4 4. Bf4 g5 5. Bg3 Nc6 6. Nf3 Bg7 7. Nc3 Ngxe5 8. Nxe5 Nxe5 9. e3 d6 10. Rc1 Be6 11. b3 Qd7 12. Be2 O-O-O 13. Nb5 a6 14. Nd4 f5 15. O-O Rdf8 1/2-1/2

[Event "1st 4NCL International U2050"]
[Site "Telford"]
[Date "2018.11.01"]
[Round "3"]
[White "Bryant, Richard Be"]
[Black "Gostelow, David W"]
[Result "0-1"]
[WhiteElo "1856"]
[BlackElo "1892"]
[Annotator "NA"]
[PlyCount "66"]
[EventDate "2018.10.31"]
[EventType "swiss"]
[EventCountry "GBR"]
[SourceTitle "playchess.com"]
[Source "ChessBase"]
[SourceQuality "1"]
[TimeControl "5400+30"]

1. e4 c5 2. Nc3 e6 3. g3 d5 4. Bg2 d4 5. Nce2 Nc6 6. d3 Be7 7. f4 Nh6 8. Nf3 f6 9. h3 Nf7 10. Bd2 a6 11. O-O O-O 12. g4 e5 13. f5 b5 14. Kh2 Ra7 15. h4 Rc7 16. Rc1 c4 17. Qe1 Bb7 18. Qg3 Bb4 19. dxc4 bxc4 20. c3 dxc3 21. Nxc3 Nd4 22. Rcd1 Rd7 23. Rfe1 Nxf3+ 24. Qxf3 Rxd2 25. Rxd2 Qxd2 26. Re2 Qf4+ 27. Qxf4 exf4 28. Kh3 Bxc3 29. bxc3 Ne5 30. Rb2 Bc6 31. Rb6 Rd8 32. Bf1 Bxe4 33. Re6 Bd3 0-1

[Event "1st 4NCL International U2050"]
[Site "Telford"]
[Date "2018.11.01"]
[Round "3"]
[White "Wilson, Matthew R"]
[Black "Ward, Andy"]
[Result "1/2-1/2"]
[WhiteElo "1820"]
[BlackElo "1790"]
[Annotator "NA"]
[PlyCount "58"]
[EventDate "2018.10.31"]
[EventType "swiss"]
[EventCountry "GBR"]
[SourceTitle "playchess.com"]
[Source "ChessBase"]
[SourceQuality "1"]
[TimeControl "5400+30"]

1. Nf3 d6 2. e4 e5 3. d4 Nd7 4. Bc4 exd4 5. Nxd4 Ne5 6. Bb3 Nf6 7. Nc3 Be7 8. h3 O-O 9. Be3 c5 10. Nf3 c4 11. Nxe5 cxb3 12. Nf3 bxc2 13. Qxc2 Qc7 14. Rc1 Qa5 15. O-O Qh5 16. Nh2 Be6 17. Qd1 Qg6 18. Qf3 Nd7 19. Nd5 Bxd5 20. exd5 Ne5 21. Qe2 Bd8 22. Qb5 Bb6 23. Bxb6 axb6 24. f4 Qd3 25. Qxb6 Nc4 26. Qf2 Rxa2 27. Rfe1 Qb3 28. Qd4 b5 29. Rb1 Qc2 1/2-1/2

[Event "1st 4NCL International U2050"]
[Site "Telford"]
[Date "2018.11.01"]
[Round "3"]
[White "Gogia, Armaan"]
[Black "Walley, A Clive"]
[Result "1-0"]
[WhiteElo "1808"]
[BlackElo "1846"]
[Annotator "NA"]
[PlyCount "51"]
[EventDate "2018.10.31"]
[EventType "swiss"]
[EventCountry "GBR"]
[SourceTitle "playchess.com"]
[Source "ChessBase"]
[SourceQuality "1"]
[TimeControl "5400+30"]

1. e4 c5 2. Nf3 Nc6 3. d4 cxd4 4. Nxd4 Nf6 5. Nc3 e5 6. Ndb5 d6 7. Bg5 a6 8. Na3 b5 9. Bxf6 gxf6 10. Nd5 f5 11. Bxb5 axb5 12. Nxb5 Ra4 13. Nbc7+ Kd7 14. O-O Qg5 15. Nb6+ Kxc7 16. Nxa4 Rg8 17. g3 fxe4 18. c3 Bg4 19. Qb3 Ne7 20. Qb6+ Kd7 21. Nc5+ dxc5 22. Rad1+ Bxd1 23. Rxd1+ Nd5 24. Rxd5+ Bd6 25. Qxd6+ Ke8 26. Rxe5+ 1-0

[Event "1st 4NCL International U2050"]
[Site "Telford"]
[Date "2018.11.01"]
[Round "3"]
[White "Wiltshir, Rich"]
[Black "Whitehead, Mark A"]
[Result "1/2-1/2"]
[WhiteElo "1673"]
[BlackElo "1945"]
[Annotator "NA"]
[PlyCount "52"]
[EventDate "2018.10.31"]
[EventType "swiss"]
[EventCountry "GBR"]
[SourceTitle "playchess.com"]
[Source "ChessBase"]
[SourceQuality "1"]
[TimeControl "5400+30"]

1. c4 e5 2. g3 c6 3. Bg2 d6 4. Nc3 Be6 5. b3 Nd7 6. Nf3 h6 7. O-O Ngf6 8. Qc2 Be7 9. d4 O-O 10. Rd1 Qc7 11. Ba3 Rfe8 12. Rac1 Rac8 13. e4 Bg4 14. d5 c5 15. Rd3 Nf8 16. h3 Bd7 17. Rcd1 Ng6 18. Nh2 a6 19. Nf1 b5 20. Bc1 b4 21. Ne2 Bf8 22. Rf3 Nh7 23. Ne3 Ng5 24. Rf5 Ne7 25. h4 Nxf5 26. exf5 Nh7 1/2-1/2

[Event "1st 4NCL International U2050"]
[Site "Telford"]
[Date "2018.11.01"]
[Round "3"]
[White "Stubbs, Oliver"]
[Black "Ali, Golam S"]
[Result "1-0"]
[WhiteElo "1672"]
[BlackElo "1859"]
[Annotator "NA"]
[PlyCount "95"]
[EventDate "2018.10.31"]
[EventType "swiss"]
[EventCountry "GBR"]
[SourceTitle "playchess.com"]
[Source "ChessBase"]
[SourceQuality "1"]
[TimeControl "5400+30"]

1. d4 Nf6 2. Bf4 d5 3. e3 e6 4. Nf3 Bd6 5. Bg3 O-O 6. Nbd2 Re8 7. Bd3 c6 8. Ne5 Qe7 9. f4 Nbd7 10. Qf3 c5 11. c3 cxd4 12. exd4 Nf8 13. O-O Bd7 14. Rae1 Bc6 15. Bh4 Ng6 16. Nxg6 hxg6 17. f5 gxf5 18. Bxf5 Qc7 19. Bb1 Ne4 20. Nxe4 dxe4 21. Bxe4 Bxe4 22. Rxe4 f5 23. Re2 Bxh2+ 24. Kh1 Bd6 25. Rfe1 Qf7 26. Bg3 Bxg3 27. Qxg3 Qh5+ 28. Kg1 Kf7 29. Qd6 Qh4 30. Qe5 Qf6 31. Qxf6+ Kxf6 32. Re5 Rad8 33. d5 Rd6 34. c4 Re7 35. Kf2 g5 36. Kf3 b5 37. b3 a5 38. a4 bxc4 39. bxc4 Rb6 40. c5 g4+ 41. Kf2 Rb2+ 42. Kg1 g3 43. Rxe6+ Rxe6 44. Rxe6+ Kg5 45. Re1 Rc2 46. c6 Rc5 47. Rd1 Kf6 48. d6 1-0

[Event "1st 4NCL International U2050"]
[Site "Telford"]
[Date "2018.11.01"]
[Round "3"]
[White "Burgoyne, Peter A"]
[Black "Aubury, Benjamin"]
[Result "0-1"]
[WhiteElo "1665"]
[BlackElo "1566"]
[Annotator "NA"]
[PlyCount "52"]
[EventDate "2018.10.31"]
[EventType "swiss"]
[EventCountry "GBR"]
[SourceTitle "playchess.com"]
[Source "ChessBase"]
[SourceQuality "1"]
[TimeControl "5400+30"]

1. e4 c6 2. d4 d5 3. exd5 cxd5 4. c4 Nf6 5. Nc3 e6 6. Nf3 Bb4 7. Qa4+ Nc6 8. Ne5 Qa5 9. Qxa5 Bxa5 10. Nxc6 bxc6 11. Bd2 O-O 12. Bd3 Ba6 13. b3 Rfd8 14. Ne2 Bxd2+ 15. Kxd2 c5 16. Rac1 cxd4 17. c5 Ne4+ 18. Bxe4 dxe4 19. Rhe1 g5 20. b4 f5 21. a4 f4 22. b5 Bc8 23. Ng1 e3+ 24. fxe3 fxe3+ 25. Ke2 d3+ 26. Kxe3 d2 0-1

[Event "1st 4NCL International U2050"]
[Site "Telford"]
[Date "2018.11.01"]
[Round "3"]
[White "Murphy, Ross"]
[Black "Ansari, Mohd Athar Dr"]
[Result "0-1"]
[WhiteElo "1652"]
[BlackElo "2188"]
[Annotator "TA"]
[PlyCount "94"]
[EventDate "2018.10.31"]
[EventType "swiss"]
[EventCountry "GBR"]
[SourceTitle "playchess.com"]
[Source "ChessBase"]
[SourceQuality "1"]

{[%evp 19,94,55,36,40,42,39,43,35,41,0,0,0,9,0,12,-5,-8,-11,-12,-12,-16,-4,-8,-62,-58,-170,-152,-159,-122,-135,0,-112,-109,-306,-289,-451,-441,-446,-420,-592,-518,-749,-773,-1062,-695,-696,-700,-677,-655,-6798,-871,-775,-674,-595,-602,-815,-582,-557,-550,-543,-497,-502,-481,-548,-539,-4718,-4718,-4710,-1953,-5026,-4810,-5082,-5034,-5740,-5740,-6111,-6039]} 1. Nf3 d5 2. g3 Nf6 3. Bg2 c5 4. O-O Nc6 5. d4 cxd4 6. Nxd4 e5 7. Nxc6 bxc6 {[#]} 8. c4 $1 {[%mdl 512]} e4 (8... dxc4 9. Bxc6+) 9. cxd5 cxd5 10. Nc3 Be7 11. Bg5 {D02: 1 d4 d5 2 Nf3 sidelines, including 2...Nf6 3 g3 and 2...Nf6 3 Bf4} Be6 12. Qa4+ Qd7 13. Qxd7+ {White is slightly better.} Nxd7 14. Bxe7 Kxe7 15. Rfd1 Nb6 {[#]} 16. a4 $146 {Threatens to win with a5.} ({Predecessor:} 16. Rd4 Rhd8 17. Rad1 Rac8 18. e3 Rc4 {1-0 (46) Neiksans,A (2596)-Berzina,I (2206) Liepaja 2015}) 16... Rhd8 17. a5 Nc4 18. b3 Ne5 19. Nb5 Rab8 20. Nd4 Rdc8 21. Rdc1 (21. f3 $11) 21... Kd6 22. f4 ({White should play} 22. Rxc8 $15 Bxc8 23. Rd1) 22... Nc6 $19 23. Nxe6 fxe6 24. Rd1 {[#]} Kc5 ({Reject} 24... Rxb3 $6 25. Bxe4 Rb2 26. Bf3 $15) (24... Rb4 $1 $17 {And now ...Nd4 would win.} 25. Ra4 Ke7) 25. e3 (25. Rac1+ $11 {keeps the balance.} Kb4 26. Bh3) 25... Rxb3 $17 26. Rdc1+ $2 (26. Rac1+ $17 {only move.} Kd6 27. Bxe4) 26... Kd6 $19 27. Re1 (27. Kf2 $142) 27... Nb4 28. Rab1 Rcc3 29. Bf1 (29. Rxb3 $142 Rxb3 30. Rd1) 29... Rxe3 {Black is clearly winning.} 30. Rxe3 Rxb1 {[%mdl 4096] Endgame KRB-KRN} 31. Rc3 Nd3 32. Rc8 e3 {( -> ...e2)} 33. Kg2 Ne1+ 34. Kg1 Nf3+ (34... Rb2 $142 35. Be2 Rxe2) 35. Kg2 Nd4 36. Rd8+ Ke7 37. Ra8 e2 {[%csl Gb1][%cal Re2f1]} 38. Rxa7+ Kf6 {[%csl Gb1][%cal Re2f1]} 39. Bxe2 Nxe2 {KRN-KR} 40. Kf2 Nc3 41. Ke3 Rd1 42. g4 d4+ {[%cal Bd5d4,Bd4d3,Bd3d2][%mdl 32]} 43. Kf2 d3 44. g5+ Kf5 45. Rf7+ Kg6 46. Rd7 d2 47. a6 Ra1 {Precision: White = 28%, Black = 77%.} 0-1

[Event "1st 4NCL International U2050"]
[Site "Telford"]
[Date "2018.11.01"]
[Round "3"]
[White "Parry, Jacques"]
[Black "Zdanowski, Adrian"]
[Result "1/2-1/2"]
[WhiteElo "1625"]
[BlackElo "1845"]
[Annotator "NA"]
[PlyCount "127"]
[EventDate "2018.10.31"]
[EventType "swiss"]
[EventCountry "GBR"]
[SourceTitle "playchess.com"]
[Source "ChessBase"]
[SourceQuality "1"]
[TimeControl "5400+30"]

1. d4 Nf6 2. c4 g6 3. Nc3 d5 4. Nf3 Bg7 5. Bg5 Ne4 6. cxd5 Nxc3 7. bxc3 Qxd5 8. e3 Qa5 9. Qb3 e6 10. Qb5+ Qxb5 11. Bxb5+ c6 12. Bd3 O-O 13. Rb1 Nd7 14. Bf4 Re8 15. Bg3 h6 16. O-O b6 17. Be4 Bb7 18. Nd2 e5 19. Bf3 f5 20. Rfc1 g5 21. Bh5 f4 22. Bxe8 Rxe8 23. exf4 exf4 24. Bxf4 gxf4 25. Re1 Rd8 26. Re4 c5 27. Rxf4 cxd4 28. cxd4 Bd5 29. Nb3 Nb8 30. Rg4 Nc6 31. Rd1 Nb4 32. Rd2 Rd7 33. a3 Nc6 34. Nc1 Kh7 35. Ne2 Be6 36. Re4 Bd5 37. Rg4 Bc4 38. Re4 Bxe2 39. Rexe2 Nxd4 40. Kf1 Rc7 41. Re3 Rc1+ 42. Re1 Rc4 43. Re3 a5 44. f4 Nf5 45. Rf3 h5 46. g3 b5 47. Rd5 Nd4 48. Rxh5+ Kg8 49. Rd3 b4 50. Rxa5 b3 51. Ra8+ Kh7 52. Rb8 Ra4 53. Rbxb3 Nxb3 54. Rxb3 Bf8 55. Rb7+ Kg6 56. Rb5 Bxa3 57. h4 Bc1 58. h5+ Kh6 59. Rf5 Bb2 60. Kg2 Ra3 61. Kh3 Ra1 62. Kg2 Ra3 63. Kh3 Ra1 64. Kg2 1/2-1/2

[Event "1st 4NCL International U2050"]
[Site "Telford"]
[Date "2018.11.01"]
[Round "3"]
[White "Chung, Ethan Cj"]
[Black "Gorgun, Aliriza Atif"]
[Result "0-1"]
[WhiteElo "1577"]
[BlackElo "1739"]
[Annotator "NA"]
[PlyCount "70"]
[EventDate "2018.10.31"]
[EventType "swiss"]
[EventCountry "GBR"]
[SourceTitle "playchess.com"]
[Source "ChessBase"]
[SourceQuality "1"]
[TimeControl "5400+30"]

1. e4 c5 2. d4 cxd4 3. c3 dxc3 4. Nxc3 Nc6 5. Nf3 g6 6. Bf4 Bg7 7. Bc4 Nf6 8. O-O O-O 9. Qe2 d6 10. Rfd1 Qa5 11. Bg5 Bg4 12. Bxf6 Bxf6 13. Rd5 Qc7 14. Rad1 Ne5 15. Bb3 Nxf3+ 16. gxf3 Bh5 17. R5d3 Be5 18. Qf1 Kh8 19. Rc1 Rac8 20. Rc2 Qd7 21. Ba4 Qd8 22. Bb3 e6 23. Qg2 Qh4 24. Rcd2 Bf4 25. Rd1 b5 26. Nxb5 Rc5 27. Qh1 Rxb5 28. h3 f5 29. a4 fxe4 30. axb5 exd3 31. Rxd3 Qg5+ 32. Qg2 Qxb5 33. Rc3 Bd2 34. Rc2 Bxf3 35. Bc4 Qf5 0-1

[Event "1st 4NCL International U2050"]
[Site "Telford"]
[Date "2018.11.02"]
[Round "4"]
[White "Ansari, Mohd Athar Dr"]
[Black "De Coverly, Roger D"]
[Result "1/2-1/2"]
[WhiteElo "2188"]
[BlackElo "1946"]
[Annotator "TA"]
[PlyCount "90"]
[EventDate "2018.10.31"]
[EventType "swiss"]
[EventCountry "GBR"]
[SourceTitle "playchess.com"]
[Source "ChessBase"]
[SourceQuality "1"]

{[%evp 16,90,-3,-27,-31,-35,-20,-75,-28,-27,-34,-27,-30,-40,-36,-29,24,10,0,-14,-16,-20,-18,-16,-14,-7,0,-107,27,-35,38,-117,15,11,37,34,73,0,0,0,0,0,0,0,0,0,0,0,973,932,821,779,576,0,0,-727,-10,-13,-13,-5104,-4801,-5132,-5485,-12261,-6203,-6180,-957,-29971,-29972,-29966,-29960,-6099,0,0,0,-5293,0]} 1. d4 Nf6 2. Bf4 c5 3. c3 b6 4. Nf3 Bb7 5. e3 g6 6. Bd3 Bg7 7. Nbd2 O-O 8. e4 {A48: 1 d4 Nf6 2 Nf3 g6: Torre, London and Colle Systems} (8. O-O Nc6 9. Re1 d6 10. Bf1 Re8 11. e4 cxd4 12. cxd4 e5 13. Bg5 Nxd4 14. Nxd4 exd4 15. f3 h6 {0-1 (34) Tran,M (2409)-Sengupta,D (2586) Chengdu 2017}) 8... d6 9. Qe2 {LiveBook: 3 Games} cxd4 10. cxd4 {Black is slightly better.} Nc6 11. a3 (11. O-O $11) 11... Nh5 $146 (11... Nxd4 $5 12. Nxd4 e5 $15) ({Predecessor:} 11... Nxd4 12. Nxd4 e5 13. Be3 exd4 14. Bxd4 Re8 15. Bb5 {0-1 (24) Lenart,J (2103)-Simonyi,Z (2208) Hungary 2011}) 12. Be3 e5 {[%cal Rc6d4]} 13. d5 Nd4 14. Qd1 Rc8 15. O-O Qd7 (15... f5 $142) 16. Bxd4 $11 exd4 17. Nb3 Nf4 {White should prevent ...Qg4.} 18. Nfxd4 ({Don't blunder} 18. Nbxd4 $2 Qg4 $19) 18... Nxd3 19. Qxd3 Qa4 20. Rfd1 Ba6 21. Qe3 (21. Qd2 $11 {keeps the balance.}) 21... Rc4 (21... Rfe8 $17) 22. Rac1 (22. f3 $11) 22... Rfc8 ({Better is} 22... Rxc1 $15 23. Rxc1 Re8) 23. Rxc4 $2 (23. Rb1 $14 {stays ahead.}) 23... Rxc4 (23... Bxc4 $17 24. Rc1 Re8) 24. f3 h5 25. Rd2 Bxd4 26. Rxd4 (26. Nxd4 $16 Rc1+ 27. Kf2) 26... Rxd4 27. Nxd4 {aiming for h4.} Qd1+ $40 {[%mdl 128] Black mounts an attack.} 28. Kf2 h4 {[%csl Ga6][%cal Rd1f1] [#]} 29. Ne2 Qc2 30. b4 Bd3 31. e5 (31. g3 {feels hotter.} hxg3+ 32. hxg3 f6 33. a4 Kf7 34. a5) 31... Qxe2+ $4 {[%mdl 8192]} (31... dxe5 $11 32. Qxe5 Qd1) 32. Qxe2 $18 Bxe2 33. Kxe2 dxe5 $11 {[%mdl 4096] Endgame KP-KP} 34. Ke3 $2 (34. d6 $18 {Threatens to win with d7.} Kf8 35. Kd3) 34... f5 $1 35. g4 $2 {[%mdl 8192]} (35. f4 $11 e4 36. b5) 35... Kf7 $2 ({Black should try} 35... b5 $19 {Strongly threatening ...Kf7.} 36. gxf5 gxf5) 36. gxf5 gxf5 {White must now prevent ...b5.} 37. Kf2 $2 {[%mdl 8192]} (37. f4 $11 e4 38. b5) 37... Ke7 $19 38. Kg2 Kd6 39. Kh3 Kxd5 40. Kxh4 e4 (40... Kd4 $142 41. Kg3 Kd3) 41. fxe4+ Kxe4 42. Kg3 {[#]} Ke3 $1 43. Kg2 Ke2 44. Kg3 Ke3 45. Kg2 Ke2 $2 {Precision: White = 38%, Black = 45%.} ({Black should play} 45... b5 $19 46. h4 Kf4) 1/2-1/2

[Event "1st 4NCL International U2050"]
[Site "Telford"]
[Date "2018.11.02"]
[Round "4"]
[White "Whitehead, Mark A"]
[Black "Burgoyne, Peter A"]
[Result "0-1"]
[WhiteElo "1945"]
[BlackElo "1665"]
[Annotator "NA"]
[PlyCount "54"]
[EventDate "2018.10.31"]
[EventType "swiss"]
[EventCountry "GBR"]
[SourceTitle "playchess.com"]
[Source "ChessBase"]
[SourceQuality "1"]
[TimeControl "5400+30"]

{[%evp 15,54,10,1,0,27,-34,17,32767,-8,-52,32767,-118,-149,-118,-129,-270,-288,-314,-368,-396,-237,32767,-242,-264,32767,32767,32767,-233,-222,-236,-243,32767,32767,32767,32767,32767,-299,-262,-291,-452,-504]} 1. e4 {[%emt 0:12:22]} c5 {[%emt 0:00:00]} 2. Nc3 {[%emt 0:00:49]} Nc6 {[%emt 0:00:00]} 3. g3 {[%emt 0:00:08]} g6 {[%emt 0:01:28]} 4. Bg2 {[%emt 0:00:09]} Bg7 {[%emt 0:00:08]} 5. d3 {[%emt 0:00:11]} d6 {[%emt 0:00:23]} 6. Be3 {[%emt 0:01:25]} Nf6 {[%emt 0:00:25]} 7. h3 {[%emt 0:01:21]} Rb8 {[%emt 0:02:29]} 8. Nge2 {[%emt 0:04:37]} O-O {[%emt 0:03:41]} 9. O-O {[%emt 0:11:43] LiveBook: 65 Games} e5 {[%emt 0:10:02] B26: Closed Sicilian: 3 g3, lines with early Be3} (9... b5 10. Qd2 b4 11. Nd1 e5 12. a3 a5 13. axb4 axb4 14. Bh6 Bxh6 15. Qxh6 Nd4 16. Nxd4 cxd4 17. Qd2 Qb6 18. Kh2 Kg7 19. f4 {0-1 (83) Artemiev,V (2704)-Kovalev,V (2650) Poikovsky 2018}) 10. g4 $146 {[%emt 0:04:54]} ({White should play} 10. a3 $11) ({Predecessor:} 10. f4 exf4 11. Nxf4 b5 12. Qd2 b4 13. Nce2 Nd7 14. Rab1 Nd4 15. Nxd4 cxd4 16. Bf2 Nc5 17. Ne2 {1-0 (27) Ghaem Maghami,E (2593)-Ibrahimov,R (2537) Dubai 2009}) 10... Nd4 {[%emt 0:07:29]} 11. Ng3 {[%emt 0:02:00]} b5 {[%emt 0:02:31]} 12. Nd5 {[%emt 0:01:35]} Ne6 {[%emt 0:03:47]} 13. Qd2 {[%emt 0:03:59]} (13. Ne2 $15) 13... Nxd5 {[%emt 0:02:56]} 14. exd5 {[%emt 0:00:11] [#]} Nf4 $1 {[%emt 0:00:58]} 15. c4 {[%emt 0:12:59]} (15. Bxf4 $17 {might work better.} exf4 16. Qxf4) 15... bxc4 {[%emt 0:01:22]} 16. dxc4 {[%emt 0:00:27]} f5 {[%emt 0:06:06]} 17. gxf5 {[%emt 0:07:08]} Bxf5 {[%emt 0:00:51]} (17... Nxg2 $142 18. Kxg2 gxf5) 18. Nxf5 {[%emt 0:02:45]} Rxf5 {[%emt 0:04:20]} 19. Rab1 {[%emt 0:03:00]} Qg5 {[%emt 0:05:14]} 20. Bxf4 {[%emt 0:01:32]} exf4 {[%emt 0:01:54]} 21. f3 {[%emt 0:00:15]} (21. Kh2 $17 {was necessary.}) 21... Re5 {[%emt 0:06:43]} 22. Rfe1 {[%emt 0:02:23]} Re3 {[%emt 0:05:30]} 23. Rxe3 {[%emt 0:01:47]} fxe3 {[%emt 0:00:21]} 24. Qe2 {[%emt 0:00:06]} Qf4 {[%emt 0:01:46]} 25. b3 {[%emt 0:00:20]} Bd4 {[%emt 0:03:27]} 26. Rc1 {[%emt 0:00:35]} a5 {[%emt 0:00:47]} 27. Rb1 {[%emt 0:08:03] [#]} a4 $19 {[%emt 0:01:07]} 0-1

[Event "1st 4NCL International U2050"]
[Site "Telford"]
[Date "2018.11.02"]
[Round "4"]
[White "Wynarczyk, Raymond"]
[Black "Gorgun, Aliriza Atif"]
[Result "0-1"]
[WhiteElo "1908"]
[BlackElo "1739"]
[Annotator "NA RC"]
[PlyCount "110"]
[EventDate "2018.10.31"]
[EventType "swiss"]
[EventCountry "GBR"]
[SourceTitle "playchess.com"]
[Source "ChessBase"]
[SourceQuality "1"]
[TimeControl "5400+30"]

{[%evp 16,108,-6,-37,-6,-27,-41,-47,-33,-30,-38,32767,32767,0,12,-7,-11,32767,32767,-64,-61,-70,-52,32767,-29,-63,-37,-50,-32,-56,-27,-64,-50,-46,32767,-42,-54,-45,-55,-80,-36,32767,32767,32767,-63,-110,-118,-116,-104,-99,-35,-38,17,39,8,0,0,32767,32767,32767,32767,32767,32767,32767,32767,32767,32767,-366,32767,32767,32767,32767,32767,32767,32767,32767,-2533,32767,32767,32767,32767,32767,-5065,32767,-5065,-29972,-29983,-12841,-29985,-29985,-29986,-29986,-29987,-29982,-29987]} 1. e4 {[%emt 0:00:00]} c5 {[%emt 0:00:00]} 2. Nf3 {[%emt 0:00:00]} d6 {[%emt 0:00:00]} 3. Bb5+ {[%emt 0:00:02]} Nd7 {[%emt 0:00:29]} 4. d4 {[%emt 0:00:51]} cxd4 {[%emt 0:00:11]} 5. Qxd4 {[%emt 0:00:16]} a6 {[%emt 0:07:19]} 6. Bc4 {[%emt 0:03:50] B51: Sicilian: Moscow Variation (3 Bb5+) without 3...Bd7} (6. Be2 Ngf6 7. c4 g6 8. Nc3 Bg7 9. O-O O-O 10. Qe3 b6 11. Rd1 Bb7 12. Ng5 Qc7 13. f3 Rac8 {1-0 (68) Nakamura,H (2777)-Vachier Lagrave,M (2779) Saint Louis 2018}) 6... Ngf6 {[%emt 0:00:58]} 7. Bg5 {[%emt 0:05:00]} e6 {[%emt 0:02:36]} 8. Nc3 {[%emt 0:01:47]} Be7 {[%emt 0:00:19]} 9. O-O {[%emt 0:02:35]} O-O {[%emt 0:00:08]} 10. Rad1 {[%emt 0:02:00]} b5 $146 {[%emt 0:01:09]} ({Predecessor:} 10... Qc7 11. a4 b6 12. Ba2 Bb7 13. Rd2 Rfd8 {1-0 (53) Zierk,S (2391)-Grandelius,N (2500) Porto Carras 2010}) 11. Bb3 {[%emt 0:01:37]} Qc7 {[%emt 0:01:06]} 12. Rfe1 {[%emt 0:07:36]} h6 {[%emt 0:08:31]} 13. Bh4 {[%emt 0:01:40]} e5 {[%emt 0:00:45]} 14. Qd2 {[%emt 0:03:07]} Bb7 {[%emt 0:04:10]} 15. Nd5 {[%emt 0:04:15]} Bxd5 {[%emt 0:00:08]} 16. Bxf6 {[%emt 0:04:36]} Nxf6 {[%emt 0:00:11]} 17. Bxd5 {[%emt 0:03:52]} Nxd5 {[%emt 0:00:08]} 18. exd5 {[%emt 0:00:23]} Rac8 {[%emt 0:00:19]} 19. c3 {[%emt 0:01:23]} Rcd8 {[%emt 0:01:00]} 20. Qe3 {[%emt 0:05:44]} Rd7 {[%emt 0:03:26]} 21. h3 {[%emt 0:07:18]} f5 {[%emt 0:08:07]} 22. Qe2 {[%emt 0:04:11]} Bd8 {[%emt 0:02:14]} 23. Nd2 {[%emt 0:03:52]} Qc5 {[%emt 0:13:14]} 24. Nb3 {[%emt 0:01:47]} Qc4 {[%emt 0:03:57]} 25. Qxc4 {[%emt 0:04:47]} bxc4 {[%emt 0:00:05]} 26. Nd2 {[%emt 0:00:36]} Rc7 {[%emt 0:00:08]} 27. Ra1 {[%emt 0:05:59]} a5 {[%emt 0:00:47]} 28. g3 {[%emt 0:06:01]} Bg5 {[%emt 0:01:24]} 29. Nf3 {[%emt 0:01:14]} Be7 {[%emt 0:04:59]} ({Black should play} 29... Rb8 $17 30. Nxg5 hxg5) 30. Kg2 {[%emt 0:02:54]} Rb8 {[%emt 0:00:14]} 31. Re2 {[%emt 0:01:50]} Rb5 {[%emt 0:00:17]} 32. Rd1 {[%emt 0:01:03]} Rcc5 {[%emt 0:02:58]} (32... Rcb7 $17 33. Rdd2 a4) 33. a4 {[%emt 0:02:01]} Rxd5 {[%emt 0:03:31]} (33... Rb7 $15) 34. axb5 {[%emt 0:00:20]} Rxd1 {[%emt 0:00:05]} 35. Nd2 {[%emt 0:02:20]} (35. Nd4 $5 {[%cal Rd4c6]} exd4 36. b6 $16) 35... d5 {[%emt 0:01:02]} 36. Nf3 {[%emt 0:01:41]} e4 {[%emt 0:02:50]} 37. Nd4 {[%emt 0:00:43]} Bc5 {[%emt 0:07:46]} 38. Nxf5 {[%emt 0:02:01]} Kf7 {[%emt 0:00:24]} 39. Nd4 {[%emt 0:01:25]} Bxd4 {[%emt 0:04:03]} 40. cxd4 {[%emt 0:00:07]} Rd3 {[%emt 0:00:02]} 41. Re3 {[%emt 0:00:49]} Ke6 {[%emt 0:00:16]} 42. Kf1 {[%emt 0:01:33]} Kd6 {[%emt 0:00:12]} 43. Ke2 {[%emt 0:00:12]} Kc7 {[%emt 0:00:36]} 44. Rxd3 {[%emt 0:00:40]} cxd3+ {[%emt 0:00:38]} 45. Ke3 {[%emt 0:01:31]} Kb6 {[%emt 0:00:40]} 46. f4 {[%emt 0:00:13]} Kxb5 {[%emt 0:00:41]} 47. g4 {[%emt 0:01:29]} Kc4 {[%emt 0:00:05]} 48. h4 {[%emt 0:00:54]} d2 $19 {[%emt 0:00:36]} (48... Kb3 $142 49. h5 Kc2 50. f5 d2 51. Kf4 d1=Q 52. g5 Qf3+ 53. Ke5 e3 54. Ke6 e2 55. Kf7 Qxf5+ 56. Kg8 e1=R 57. gxh6 gxh6 58. b4 Re7 59. bxa5 Qc8#) 49. Kxd2 {[%emt 0:00:15]} Kxd4 {[%emt 0:00:24]} 50. h5 {[%emt 0:01:32]} e3+ {[%emt 0:00:12]} 51. Ke2 {[%emt 0:00:09]} Ke4 {[%emt 0:00:04]} 52. f5 {[%emt 0:00:28]} d4 {[%emt 0:00:10]} 53. b3 {[%emt 0:00:38]} d3+ {[%emt 0:00:14]} 54. Ke1 {[%emt 0:00:24]} Kf4 {[%emt 0:00:08]} (54... Kf3 {[%emt 0:00:36]}) 55. g5 {[%emt 0:00:36]} Kf3 0-1